ბათუმის შოთა რუსთაველის სახელმწიფო უნივერსიტეტის ბიბლიოთეკა

Teaching science and technology in the early years (3-7) / (ბიბ.ჩანაწერი № 58419)

000 -LEADER
fixed length control field 01053cam a22002538i 4500
001 - CONTROL NUMBER
control field 20757954
005 - DATE AND TIME OF LATEST TRANSACTION
control field 20221107170314.0
008 - FIXED-LENGTH DATA ELEMENTS--GENERAL INFORMATION
fixed length control field 181127s2019 nyu b 001 0 eng
020 ## - INTERNATIONAL STANDARD BOOK NUMBER
International Standard Book Number 9781138613058 X
041 ## - LANGUAGE CODE
Language code of text/sound track or separate title eng
080 ## - UNIVERSAL DECIMAL CLASSIFICATION NUMBER
Universal Decimal Classification number 372 T-29
245 00 - TITLE STATEMENT
Title Teaching science and technology in the early years (3-7) /
Statement of responsibility, etc. Dan Davies, Alan Howe, Christopher Collier, Rebecca Digby, Sarah Earle and Kendra McMahon.
250 ## - EDITION STATEMENT
Edition statement Third edition.
264 #4 - PRODUCTION, PUBLICATION, DISTRIBUTION, MANUFACTURE, AND COPYRIGHT NOTICE
Date of production, publication, distribution, manufacture, or copyright notice London :
Place of production, publication, distribution, manufacture Routledge,
Name of producer, publisher, distributor, manufacturer 2019.
300 ## - PHYSICAL DESCRIPTION
Extent 256 pages ;
Other physical details 25 cm.
653 ## - INDEX TERM--UNCONTROLLED
keyword პედაგოგიკა
653 ## - INDEX TERM--UNCONTROLLED
keyword Педагогика
653 ## - INDEX TERM--UNCONTROLLED
keyword ტექნოლოგიების შესწავლა ადრეულ ასაკში
653 ## - INDEX TERM--UNCONTROLLED
keyword Изучение технологических наук в дошкольном возрасте
700 1# - ADDED ENTRY--PERSONAL NAME
Personal name Davies, Dan
Fuller form of name
Dates associated with a name
Relator term ავტორი
9 (RLIN) 13447
700 1# - ADDED ENTRY--PERSONAL NAME
Personal name Howe, Alan
Relator term ავტორი
9 (RLIN) 13448
700 1# - ADDED ENTRY--PERSONAL NAME
Personal name Collier, Christopher და სხვ.
Relator term ავტორი
9 (RLIN) 13449
942 ## - ADDED ENTRY ELEMENTS (KOHA)
Source of classification or shelving scheme
Koha item type წიგნი
ეგზემპლარები
Withdrawn status Lost status Source of classification or shelving scheme Damaged status Not for loan Permanent Location Current Location Shelving location Date acquired Cost, normal purchase price Full call number Barcode Date last seen Price effective from Koha item type Public note
          ბათუმის შოთა რუსთაველის სახელმწიფო უნივერსიტეტის მთავარი ბიბლიოთეკა ბათუმის შოთა რუსთაველის სახელმწიფო უნივერსიტეტის მთავარი ბიბლიოთეკა წიგნსაცავი 2022-01-25 66.00 62140 62140 2022-01-25 2022-01-25 წიგნი 66 ლ.